000 00339 a2200157 4500
001 159262
020 _a
040 _cMagnum
100 _a-
240 1 0 _aAventura na ciencia/corpo humano
_lpor
245 1 0 _aAventura na ciencia/corpo humano
362 0 _a1899
440 1 _aGlobo
697 _aMAGNITO: ENCICLOPEDIAS
942 _cBK
999 _c159262
_d159262